<?xml version="1.0" encoding="UTF-8"?>
<collection xmlns="http://www.loc.gov/MARC21/slim">
  <record>
    <leader>00000nam  2200000   4500</leader>
    <controlfield tag="001">INLIS000000000019354</controlfield>
    <controlfield tag="005">20250218091740</controlfield>
    <datafield tag="035" ind1="#" ind2="#">
      <subfield code="a">0010-0225000311</subfield>
    </datafield>
    <controlfield tag="007">ta</controlfield>
    <controlfield tag="008">250218################g##########0#ind##</controlfield>
    <datafield tag="082" ind1="#" ind2="#">
      <subfield code="a">R 651.79</subfield>
    </datafield>
    <datafield tag="084" ind1="#" ind2="#">
      <subfield code="a">R 651.79 Ind p</subfield>
    </datafield>
    <datafield tag="100" ind1=" " ind2="#">
      <subfield code="a">Kementerian Negara Pendayagunaan Aparatur Negara</subfield>
    </datafield>
    <datafield tag="245" ind1="1" ind2="#">
      <subfield code="a">Pedoman Umum Tata Naskah Dinas Elektronis di Lingkungan Instansi Pemerintah /</subfield>
      <subfield code="c">Kementerian Negara Pendayagunaan Aparatur Negara</subfield>
    </datafield>
    <datafield tag="260" ind1="#" ind2="#">
      <subfield code="a">Jakarta :</subfield>
      <subfield code="b">Kementerian Negara Pendayagunaan Aparatur Negara,</subfield>
      <subfield code="c">2006</subfield>
    </datafield>
    <datafield tag="300" ind1="#" ind2="#">
      <subfield code="a">63 halaman :</subfield>
      <subfield code="b">ilus ;</subfield>
      <subfield code="c">22 cm</subfield>
    </datafield>
    <datafield tag="650" ind1="#" ind2="4">
      <subfield code="a">Tata Naskah</subfield>
    </datafield>
    <datafield tag="520" ind1="#" ind2="#">
      <subfield code="a">Sebagai salah satu upaya dalam mewujudkan kepemerintahan yang baik (good governance) adalah dengan menerapkan dan mengembangkan pemerintahan secara elektronis (e-government) yaitu antara lain melalui penerapan Tata Naskah Dinas Elektronis untuk meningkatkan efektivitas dan produktivitas kerja serta tertib administrasi di lingkungan Instansi pemerintah pusat dan pemerintah daerah.</subfield>
    </datafield>
    <datafield tag="990" ind1="#" ind2="#">
      <subfield code="a">081111561</subfield>
    </datafield>
  </record>
</collection>
